000 03057cam a2200433 i 4500
001 18153736
003 OSt
005 20260414113316.0
008 140516s2015 enk b 001 0 eng
010 _a 2014016352
020 _a9780415725255
_qhardback
020 _a9780415725262
_qpb
020 _z9781315770765 (ebook)
035 _a18153736
040 _aDLC
_beng
_cDLC
_erda
_dDLC
042 _apcc
050 0 0 _aNA2794
_b.M435 2015
082 0 0 _a729.28 M435 2015
_223
084 _aARC000000
_aARC007010
_aARC013000
_2bisacsh
100 1 _aMeek, Christopher
_q(Christopher Martin),
_d1971-
_eauthor.
245 1 0 _aDaylighting and integrated lighting design /
_cChristopher Meek and Kevin Van Den Wymelenberg.
264 1 _aLondon ;
_aNew York :
_bRoutledge,
_c2015.
300 _aix, 147 pages ;
_c20 cm.
336 _atext
_2rdacontent
337 _aunmediated
_2rdamedia
338 _avolume
_2rdacarrier
490 0 _aPocketArchitecture : Technical Design Series
504 _aIncludes bibliographical references and index.
520 _a"Daylighting and Integrated Lighting Design provides architects, building designers, and students clear direction for the successful inclusion of daylight and integrated electric light in buildings. It presents design teams with the performance analysis resources, energy saving estimates and user satisfaction results they need in order to make informed decisions regarding daylighting and lighting design. Written by two well-known experts in the field, the book provides: critical geometric and material relationships along with proven design process activities, offered in a quick-reference format, with sufficient context to address the range of associated issues present in any building projectboth the "fundamentals" and "applications" which cover design concepts and practice activities applicable to all integrated lighting projectsspecific directives for how the concepts covered are applied in a range of common design scenarios, including architectural rules-of-thumb, instructions for ensuring visual comfort, and preferred approaches for electric lighting control integration.In demonstrating these necessary insights to designers, the authors employ an iterative analysis of common "daylighting patterns" and illustrate and annotate both successful and unsuccessful examples via built form and simulation. Part of the PocketArchitecture Series, this is the ideal pocketbook for any designer serious about reducing the energy impact of their buildings. "--
_cProvided by publisher.
650 0 _aDaylighting.
650 0 _aLighting, Architectural and decorative.
650 7 _aARCHITECTURE / General.
_2bisacsh
650 7 _aARCHITECTURE / Interior Design / Lighting.
_2bisacsh
650 7 _aARCHITECTURE / Study & Teaching.
_2bisacsh
700 1 _aVan Den Wymelenberg, Kevin G.,
_eauthor.
906 _a7
_bcbc
_corignew
_d1
_eecip
_f20
_gy-gencatlg
942 _2ddc
_cBK-EN
_n0
999 _c8879
_d8879